000 00330 a2200157 4500
001 192755
020 _a978-1-4082-8821-4
040 _cMagnum
100 _aTaylor, Nicole
240 1 0 _aMaking music
_lpor
245 1 0 _aMaking music
300 _a15
362 0 _a2013
697 _aLITERATURA INFANTIL INGLESA
942 _cBK
999 _c192755
_d192755